Normal view
MARC view
Entry Topical Term
001 - CONTROL NUMBER
- control field: 16395
003 - CONTROL NUMBER IDENTIFIER
- control field: BD-RjUL
005 - DATE AND TIME OF LATEST TRANSACTION
- control field: 20250731162947.0
008 - FIXED-LENGTH DATA ELEMENTS
- fixed length control field: 250731|| aca||aabn | a|a d
040 ## - CATALOGING SOURCE
- Original cataloging agency: BD-RjUL
- Transcribing agency: BD-RjUL
150 ## - HEADING--TOPICAL TERM
- Topical term or geographic name entry element: Periodontal diseases
670 ## - SOURCE DATA FOUND
- Source citation: Work cat.: (BD-RjUL)85401: Khan, Mohammad. Oliur Rahman 16394, Comprehensive characterization of bio active componnents from green tea (Camellia sinensis) extracts-as an anti- microbial agent on periodontal disease /, 2023